000 01115nam a22002657i 4500
999 _c22723
_d22723
003 AR-CdUCM
008 231017b20092009pe ao||| |||| 001 0 spa d
020 _a978-9972-691-95-9
040 _aMUNICIPALIDAD PROVINCIAL DEL CUSCO
_cBIBLIOTECA MUNICIPAL DEL CUSCO
041 _hspa
082 _a394.2698561 / F59
_bF59
100 _aFlores Ochoa, Jorge
_92915
245 _aCelebrando la Fe :
_bFiesta y Devoción en el Cuzco /
260 _aCusco :
_bUniversidad Nacional San Antonio Abad del Cusco,
_bCentro de Estudios Regionales Andinos Bartolomé de las Casas (CBC),
_c2009.
300 _a335 páginas. :
_c24 cm.
500 _z Bibliografía: página 232
505 _aFiestas incas -- Fiestas religiosas en el Cusco colonial -- Corpus christi -- Religiosidad en el catolicismo -- Fiesta del taytacha -- Carnaval de San Pedro -- Takanakuy
650 _aFiestas incas
_949238
650 _aTemplo de Marcapata
_949239
650 _aTemplos del Cusco
_945747
650 _aFiesta de rompe y raja
_949240
650 _aTradiciones religiosas
_949241
942 _2ddc
_cLIBROS
945 _apebm
_d2023-10-17